Z jakiego kraju? #9 - Statystyki

Ogólne statystyki
  • Ten quiz został rozwiązany 201 razy
  • Średni wynik to 7 z 15
Statystyki odpowiedzi
Znana osoba Kraj % Poprawnych
Serena Williams Stany Zjednoczone
89%
Bernardo Bertolucci Wlochy
86%
J.K.Rowling Wielka Brytania
83%
Antonio Banderas Hiszpania
78%
Jim Carrey Kanada
67%
Tutankhamun Egipt
51%
Oscar Pistorius Republika Poludniowej Afryki
47%
Cathrine Deneuve Francja
46%
Brigitte Nielsen Dania
44%
Hugo Chavez Wenezuela
40%
Pol Pot Kambodza
37%
Valtteri Bottas Finlandia
29%
Robert Mugabe Zimbabwe
23%
Idi Amin Uganda
14%
Monica Seles Serbia
13%
Nie znaleziono quizów pasujących do podanych kryteriów
Rozkład punktacji
Procent ludzi z każdym wynikiem
Percentyl według liczby udzielonych odpowiedzi
Twoja historia wyników
Nie rozwiązałeś tego quizu